Western European markets for frozen foods

সংরক্ষণ করুন:
গ্রন্থ-পঞ্জীর বিবরন
বিন্যাস: গ্রন্থ
ভাষা:Undetermined
প্রকাশিত: Geneva Geneva 1969
বিষয়গুলি:
ট্যাগগুলো: ট্যাগ যুক্ত করুন
কোনো ট্যাগ নেই, প্রথমজন হিসাবে ট্যাগ করুন!
Thư viện lưu trữ: Trung tâm Học liệu Trường Đại học Cần Thơ
LEADER 00519nam a2200181Ia 4500
001 CTU_77400
008 210402s9999 xx 000 0 und d
082 |a 380.1 
082 |b W527 
245 0 |a Western European markets for frozen foods 
245 0 |c International trade centre Unitad/Gatt 
260 |a Geneva 
260 |b Geneva 
260 |c 1969 
650 |a Frozen foods industry,Market survey 
650 |z Europe,Europe 
904 |i Trọng Hải 
980 |a Trung tâm Học liệu Trường Đại học Cần Thơ